Plan de negocio para la creación de una empresa productora y comercializadora de café molido bajo la marca Susu Café en la ciudad de Estelí
El presente plan de negocios contempla la creación de una empresa llamada Susu Café S.A, con el fin producir y comercializar café molido en dos presentaciones, una de 400 g y otra de 20 g, ambas bajo la marca “Susu Café”. El proyecto surge a raíz de la preocupación por la gran cantidad de ca...
| Main Authors: | , , |
|---|---|
| Other Authors: | |
| Format: | Tesis Section = Libro |
| Language: | Undetermined Spanish |
| Published: |
Managua
UNI
2018
|
| Subjects: |
| LEADER | 01635nam a2200289Ia 4500 | ||
|---|---|---|---|
| 008 | 240830s9999 xx 000 0 und d | ||
| 040 | |a BIBLIOTECA-RUPAP Mon 658.11 M298 | ||
| 041 | |a spa | ||
| 082 | |a Mon 658.11 M298 | ||
| 100 | 1 | |a Maradiaga Hernández, Daniela María | |
| 100 | 1 | |b Zepeda Ortez, Elba Luz | |
| 100 | 1 | |c Pineda Soza, Amy Estrella | |
| 245 | 1 | 0 | |a Plan de negocio para la creación de una empresa productora y comercializadora de café molido bajo la marca Susu Café en la ciudad de Estelí |
| 260 | |a Managua |b UNI |c 2018 | ||
| 300 | |a 218 p. ;il, | ||
| 500 | |a Contiene: anexos y CD. | ||
| 502 | |a Tesis (Ingeniero Industrial)- UNI, 2018. | ||
| 520 | 3 | |a El presente plan de negocios contempla la creación de una empresa llamada Susu Café S.A, con el fin producir y comercializar café molido en dos presentaciones, una de 400 g y otra de 20 g, ambas bajo la marca “Susu Café”. El proyecto surge a raíz de la preocupación por la gran cantidad de café oro nicaragüense que no está generando valor agregado a la economía local, por no ser sometido dentro del país a un proceso productivo que lo convierta en un producto terminado. De igual forma, la idea nace con el objetivo de aportar al crecimiento en la industria de la tostaduría, que actualmente está controlada solo por algunas empresas. | |
| 650 | 7 | |a EMPRESAS-PROYECTOS | |
| 650 | 7 | |b CAFÉ MOLIDO-INDUSTRIA Y COMERCIO | |
| 650 | 7 | |c MERCADEO | |
| 650 | 7 | |d CALIDAD DEL PRODUCTO | |
| 650 | 7 | |e PLANIFICACION EMPRESARIAL | |
| 700 | 1 | |a Tutor: |b Dávila, Karla Elisabeth | |
| 942 | |c BK |2 ddc | ||
| 991 | |a TESIS | ||
| 999 | |c 16948 | ||